Générique Vampirina - Paroles - Statistiques

Statistiques générales
  • Ce quiz a été pris 13 fois
  • Le résultat moyen est 14 sur 18
Statistiques - réponses
Paroles % Correct
Mais nous sommes partis pour changer de {vie}
91%
{Vampirina}
91%
Ce fut un vrai choc des cultures chez les {humains}
82%
Je suis bleue et j'ai deux grandes {dents}
82%
Je suis comme {vous}
82%
Les monstres étaient de merveilleux {voisins}
82%
Oh oh oh, {Vampirina}
82%
Oh oh oh, {Vampirina}
82%
Oh oh oh, {Vampirina}
82%
Oh oh oh, {Vampirina}
82%
Oh oh oh, {Vampirina}
82%
Qui chauve-souris tout le {temps}
82%
Une fille vampire dans le monde {humain}
82%
Mais nous sommes des {monstres}
73%
Nous étions des vampires de {Transylvanie}
64%
Mais je ne suis pas {différente} pourtant
55%
Nous avons un mode de vie qui n'est pas {courant}
55%
C'est {étrange} mais malgré tout
45%
Aucun quiz correspondant
Distribution des résultats
% des personnes avec chaque résultat
Percentile par nombre de réponses
Votre historique - résultats
Vous n’avez pas pris ce quiz